| 000 | 00670nam a2200181Ia 4500 | ||
|---|---|---|---|
| 008 | 151018s9999 xx 000 0 und d | ||
| 082 |
_bRBASDV13071 _a891.463 |
||
| 100 | _aराजा मंगळवेढेकर | ||
| 245 | _aदेशोदेशीच्या कथा | ||
| 250 | _b1 | ||
| 260 |
_bप्रेस्टीज पब्लिकेशन पुणे _c1980 |
||
| 300 | _a90 | ||
| 600 | _aराजा मंगळवेढेकर | ||
| 630 | _aदेशोदेशीच्या कथा | ||
| 700 | _aराजा मंगळवेढेकर | ||
| 730 | _aदेशोदेशीच्या कथा | ||
| 942 | _cBOOK | ||
| 999 |
_c1015308 _d1015305 |
||